[Event "German Bundesliga 2021-22"]
[Site "Germany"]
[Date "2022.04.09"]
[Round "3.15"]
[White "Wagner, Dennis"]
[Black "Fedorovsky, Michael"]
[Result "1/2-1/2"]
[WhiteElo "2584"]
[BlackElo "2396"]
[Annotator "TA"]
[PlyCount "55"]
[EventDate "2022.03.05"]
[EventType "team-tourn"]
[EventCountry "GER"]
[SourceTitle "playchess.com"]
[Source "ChessBase"]
[SourceQuality "1"]
[TimeControl "40/5400+30:1800+30"]

{[%evp 9,55,25,20,-11,-4,-14,10,10,20,0,52,-2,-25,-44,0,-24,-4,-25,-33,-25,-31,-36,-8,0,0,-56,-44,-45,-12,-87,-10,-14,0,0,0,0,0,0,0,-54,-54,-23,0,0,0,-36,0,0]} 1. d4 {[%emt 0:00:00]} Nf6 {[%emt 0:00:00]} 2. c4 {[%emt 0:00:00]} e6 {[%emt 0:00:00]} 3. Nf3 {[%emt 0:00:00]} d5 {[%emt 0:00:00]} 4. g3 {[%emt 0:00:00]} Be7 {[%emt 0:00:00]} 5. Bg2 {[%emt 0:00:00]} O-O {[%emt 0:00:00]} 6. Qd3 {[%emt 0:00:00] E06: Closed Catalan: Early deviations.} b6 {[%emt 0:00:00]} 7. cxd5 {[%emt 0:00:00] [#]} exd5 $146 {[%emt 0:00:00]} ({Predecessor:} 7... Nxd5 8. Nc3 Ba6 9. Qc2 c5 10. O-O Nc6 11. Qa4 Qc8 12. Nxd5 exd5 13. Re1 Bf6 14. dxc5 bxc5 {½-½ (29) Bluebaum,M (2669)-Oparin,G (2654) Chalons en Champagne 2021}) 8. Nc3 {[%emt 0:00:00]} c5 {[%emt 0:20:06]} 9. dxc5 {[%emt 0:11:20]} bxc5 {[%emt 0:00:19] [#]} (9... Ba6 $11 10. Qf5 Nc6) 10. O-O {[%emt 0:00:07]} (10. Nxd5 $1 $14 Qxd5 11. Nh4 Qxd3 12. exd3) 10... Ba6 {[%emt 0:05:34]} 11. Qc2 {[%emt 0:00:17]} Nc6 {[%emt 0:02:06] Prevents Ne5.} 12. Bg5 {[%emt 0:33:03]} Nb4 {[%emt 0:16:33]} 13. Qd2 {[%emt 0:15:17]} (13. Qa4 {keeps more tension.} d4 14. Ne5 Rb8 15. a3) 13... d4 {[%emt 0:21:10]} 14. Bxf6 {[%emt 0:00:06]} Bxf6 {[%emt 0:00:04]} (14... gxf6 15. Qh6 f5 16. Nd5 Nxd5 17. Qxa6 $14) 15. Ne4 {[%emt 0:00:06]} Be7 {[%emt 0:00:30]} 16. a3 {[%emt 0:00:02]} Nc6 {[%emt 0:04:16]} 17. Rfe1 {[%emt 0:09:47]} (17. Rfc1 $11 Na5 18. Qd1 (18. Nxc5 Bxc5 19. Qd1 Bb6 $17)) 17... Qb6 $15 {[%emt 0:01:53]} 18. Qc2 $1 {[%emt 0:02:46]} Rab8 {[%emt 0:02:09]} 19. Neg5 {[%emt 0:04:17]} (19. Nxc5 $11 {keeps the balance.} Qxc5 20. Qxc5 Bxc5 21. Rac1) 19... d3 {[%emt 0:02:04]} (19... g6 $17) 20. exd3 $11 {[%emt 0:00:04][%cal Od3d4]} Qxb2 {[%emt 0:00:10]} 21. Qa4 {[%emt 0:01:36][%csl LRa6,LRc6]} Rb6 {[%emt 0:04:40]} (21... Bxg5 22. Nxg5 Rb6 23. Bxc6 $16) 22. Qe4 {[%emt 0:06:58][%csl Gg5][%cal Re4h7]} g6 {[%emt 0:00:11]} 23. h4 {[%emt 0:00:25]} ({Reject} 23. Qh4 Qg7 24. Qe4 Bxg5 25. Nxg5 Nd4 $17) 23... Qc3 {[%emt 0:01:50]} 24. d4 {[%emt 0:08:52]} (24. Rad1 $11) 24... Bd3 $15 {[%emt 0:07:24]} ({But not} 24... cxd4 {[#]} 25. Nxd4 $1 Bxg5 26. Nxc6 $11) 25. Qd5 {[%emt 0:01:34]} Bc4 {[%emt 0:01:04]} 26. Qe4 {[%emt 0:00:06] aiming for Rac1. Really sharp!} Bd3 {[%emt 0:00:45] This bishop pair is nice.} ({Don't do} 26... f5 27. Qf4 Bxg5 28. hxg5 $16) 27. Qd5 {[%emt 0:00:12] Strongly threatening dxc5.} Bc4 {[%emt 0:00:15]} 28. Qe4 {[%emt 0:00:30] Weighted Error Value: White=0.22 (precise) /Black=0.18 (very precise)} 1/2-1/2

[Event "German Bundesliga 2021-22"]
[Site "Germany"]
[Date "2022.04.09"]
[Round "3.15"]
[White "Krasenkow, Michal"]
[Black "Hainke, Guntram"]
[Result "1-0"]
[WhiteElo "2576"]
[BlackElo "2302"]
[Annotator "TA"]
[PlyCount "31"]
[EventDate "2022.03.05"]
[EventType "team-tourn"]
[EventCountry "GER"]
[SourceTitle "playchess.com"]
[Source "ChessBase"]
[SourceQuality "1"]
[TimeControl "40/5400+30:1800+30"]

{[%evp 12,31,29,17,28,0,22,23,16,0,51,61,44,50,141,135,184,206,433,428,432,418]} 1. Nf3 {[%emt 0:00:00]} d5 {[%emt 0:00:00]} 2. d4 {[%emt 0:00:00]} Nf6 {[%emt 0:00:00]} 3. c4 {[%emt 0:00:00]} c6 {[%emt 0:00:00]} 4. Nc3 {[%emt 0:00:00]} e6 {[%emt 0:00:00]} 5. e3 {[%emt 0:00:00]} a6 {[%emt 0:00:00]} 6. c5 {[%emt 0:00:00]} Nbd7 {[%emt 0:00:00]} 7. b4 {[%emt 0:00:00]} b6 {[%emt 0:00:00] is the legacy move (7...g6). D45: Semi-Slav: 5 e3.} 8. Bb2 {[%emt 0:00:00]} Be7 {[%emt 0:00:00]} 9. Bd3 {[%emt 0:00:00]} a5 {[%emt 0:00:00] White has an edge.} 10. a3 {[%emt 0:00:00]} (10. b5 $5 {[%cal Rb5c6]}) 10... Ba6 {[%emt 0:00:00]} (10... Qc7 $11) 11. Bxa6 $14 {[%emt 0:03:56]} Rxa6 {[%emt 0:00:00]} 12. b5 {[%emt 0:00:04]} cxb5 {[%emt 0:00:09]} ({Black should play} 12... Ra8 $1 $14) 13. c6 $36 {[%emt 0:00:20][%mdl 2048] [#] Keeping Black busy. &Bianco is more active.} Nb8 $146 {[%emt 0:00:31]} (13... Nf8 $16 {was called for.} 14. Nxb5 Ng6) ({Predecessor:} 13... b4 14. cxd7+ Qxd7 15. axb4 Bxb4 16. O-O O-O 17. Ne5 Qb7 18. Nb5 Ne4 19. Rc1 a4 {0-1 (45) Maiorov,N (2511)-Aleksandrov,A (2617) Warsaw 2009}) 14. Nxb5 $18 {[%emt 0:01:08] [#] Threatens to win with c7.} Bd6 {[%emt 0:10:17] Against c7} (14... Nxc6 {was necessary.} 15. Rc1 Nb8) 15. c7 {[%emt 0:02:46]} Bxc7 {[%emt 0:44:25]} 16. Rc1 {[%emt 0:00:24] Black did not feel at home in the position after the opening.  Weighted Error Value: White=0.04 (flawless) /Black=0.65} 1-0

[Event "German Bundesliga 2021-22"]
[Site "Germany"]
[Date "2022.04.09"]
[Round "3.15"]
[White "Sebastian, Dirk"]
[Black "Hess, Max"]
[Result "0-1"]
[WhiteElo "2445"]
[BlackElo "2395"]
[Annotator "NA RC"]
[PlyCount "130"]
[EventDate "2022.03.05"]
[EventType "team-tourn"]
[EventCountry "GER"]
[SourceTitle "playchess.com"]
[Source "ChessBase"]
[SourceQuality "1"]
[TimeControl "40/5400+30:1800+30"]

1. e4 {[%emt 0:00:00]} c6 {[%emt 0:00:00]} 2. d4 {[%emt 0:00:00]} d5 {[%emt 0:00:00]} 3. e5 {[%emt 0:00:00]} Bf5 {[%emt 0:00:00]} 4. Nd2 {[%emt 0:00:00]} e6 {[%emt 0:00:00]} 5. Nb3 {[%emt 0:00:00]} Ne7 {[%emt 0:00:00]} 6. Nf3 {[%emt 0:00:00]} h6 {[%emt 0:00:00]} 7. Be2 {[%emt 0:00:00]} Bh7 {[%emt 0:00:00]} 8. O-O {[%emt 0:00:00]} Ng6 {[%emt 0:00:00]} 9. a4 {[%emt 0:07:42]} Be7 {[%emt 0:00:00]} 10. c4 {[%emt 0:06:34]} O-O {[%emt 0:06:23]} 11. a5 {[%emt 0:04:22]} dxc4 {[%emt 0:01:09]} 12. Bxc4 {[%emt 0:00:06]} Na6 {[%emt 0:00:13]} 13. Bd2 {[%emt 0:17:31]} Qb8 {[%emt 0:27:17]} 14. Qc1 {[%emt 0:17:36]} Rd8 {[%emt 0:06:12]} 15. Ra4 {[%emt 0:04:03]} Bf8 {[%emt 0:12:15]} 16. Re1 {[%emt 0:07:11]} Ne7 {[%emt 0:02:21]} 17. Bxa6 {[%emt 0:07:05]} bxa6 {[%emt 0:00:11]} 18. Rb4 {[%emt 0:00:52]} Qc7 {[%emt 0:11:07]} 19. Nc5 {[%emt 0:02:07]} Nd5 {[%emt 0:14:06]} 20. Rc4 {[%emt 0:00:24]} Qc8 {[%emt 0:03:53]} 21. h4 {[%emt 0:04:32]} Rb8 {[%emt 0:00:16]} 22. b4 {[%emt 0:01:26]} Bf5 {[%emt 0:06:27]} 23. Nh2 {[%emt 0:01:05]} Bxc5 {[%emt 0:01:14]} 24. dxc5 {[%emt 0:02:13]} Rd7 {[%emt 0:00:28]} 25. Nf1 {[%emt 0:05:13]} Rdb7 {[%emt 0:00:47]} 26. Qa3 {[%emt 0:02:43]} Kh8 {[%emt 0:01:37]} 27. Ng3 {[%emt 0:00:23]} Bh7 {[%emt 0:01:46]} 28. Rg4 {[%emt 0:01:09]} Bf5 {[%emt 0:01:24]} 29. Rd4 {[%emt 0:01:07]} Bh7 {[%emt 0:00:08]} 30. Rg4 {[%emt 0:04:03]} Bf5 {[%emt 0:00:06]} 31. Rd4 {[%emt 0:00:02]} Bh7 {[%emt 0:00:05]} 32. f3 {[%emt 0:03:33]} Qc7 {[%emt 0:03:09]} 33. Nh5 {[%emt 0:01:10]} Qe7 {[%emt 0:01:30]} 34. Kh2 {[%emt 0:02:01]} Bg6 {[%emt 0:01:11]} 35. Ng3 {[%emt 0:00:02]} Rd8 {[%emt 0:01:18]} 36. h5 {[%emt 0:01:23]} Bh7 {[%emt 0:00:01]} 37. Qc1 {[%emt 0:00:40]} Nxb4 {[%emt 0:01:04]} 38. Rg4 {[%emt 0:00:30]} Nd3 {[%emt 0:01:12]} 39. Bxh6 {[%emt 0:00:03]} gxh6 {[%emt 0:00:35]} 40. Qxh6 {[%emt 0:00:04]} Rg8 {[%emt 0:00:16]} 41. Ree4 {[%emt 0:00:00]} Rbb8 {[%emt 0:00:00]} 42. Nf1 {[%emt 0:22:54]} Rxg4 {[%emt 0:00:00]} 43. Rxg4 {[%emt 0:01:07]} Rg8 {[%emt 0:00:00]} 44. Ne3 {[%emt 0:03:47]} Nxe5 {[%emt 0:00:00]} 45. Rxg8+ {[%emt 0:00:50]} Kxg8 {[%emt 0:00:00]} 46. Qf4 {[%emt 0:00:06]} Nd3 {[%emt 0:02:43]} 47. Qg3+ {[%emt 0:00:54]} Kh8 {[%emt 0:00:41]} 48. Qb8+ {[%emt 0:02:49]} Bg8 {[%emt 0:00:06]} 49. Ng4 {[%emt 0:00:32]} Qg5 {[%emt 0:05:43]} 50. Qd6 {[%emt 0:01:09]} Qf4+ {[%emt 0:08:48]} 51. Kg1 {[%emt 0:00:46]} Qxd6 {[%emt 0:02:21]} 52. cxd6 {[%emt 0:00:02]} Nc5 {[%emt 0:00:05]} 53. Ne5 {[%emt 0:00:36]} Nb7 {[%emt 0:00:22]} 54. d7 {[%emt 0:00:05]} Nd8 {[%emt 0:00:10]} 55. g4 {[%emt 0:00:46]} f6 {[%emt 0:00:40]} 56. Ng6+ {[%emt 0:00:07]} Kg7 {[%emt 0:00:05]} 57. Ne7 {[%emt 0:00:03]} Bh7 {[%emt 0:00:31]} 58. f4 {[%emt 0:00:13]} Kh6 {[%emt 0:03:28]} 59. Kf2 {[%emt 0:00:11]} f5 {[%emt 0:00:18]} 60. g5+ {[%emt 0:00:20]} Kxh5 {[%emt 0:00:09]} 61. Ke3 {[%emt 0:00:02]} e5 {[%emt 0:01:35]} 62. fxe5 {[%emt 0:00:07]} Kxg5 {[%emt 0:00:11]} 63. Kd4 {[%emt 0:00:11]} f4 {[%emt 0:00:58]} 64. Kc5 {[%emt 0:00:32]} f3 {[%emt 0:02:01]} 65. Kd6 {[%emt 0:02:31]} Bf5 {[%emt 0:02:11]} 0-1

[Event "German Bundesliga 2021-22"]
[Site "Germany"]
[Date "2022.04.09"]
[Round "3.16"]
[White "Lauber, Arnd"]
[Black "Meissner, Felix"]
[Result "1/2-1/2"]
[WhiteElo "2411"]
[BlackElo "2381"]
[Annotator "NA RC"]
[PlyCount "75"]
[EventDate "2022.03.05"]
[EventType "team-tourn"]
[EventCountry "GER"]
[SourceTitle "playchess.com"]
[Source "ChessBase"]
[SourceQuality "1"]
[TimeControl "40/5400+30:1800+30"]

1. d4 {[%emt 0:00:00]} Nf6 {[%emt 0:00:00]} 2. c4 {[%emt 0:00:00]} e6 {[%emt 0:00:00]} 3. Nc3 {[%emt 0:00:00]} Bb4 {[%emt 0:00:00]} 4. e3 {[%emt 0:00:00]} O-O {[%emt 0:00:00]} 5. Bd3 {[%emt 0:00:00]} d5 {[%emt 0:00:00]} 6. Nf3 {[%emt 0:00:00]} b6 {[%emt 0:00:00] 6...dxc4 is the modern continuation.} 7. O-O {[%emt 0:02:44]} Ba6 {[%emt 0:00:00]} 8. Ne5 {[%emt 0:05:51]} dxc4 {[%emt 0:12:38]} 9. Nxc4 {[%emt 0:01:24]} c5 {[%emt 0:00:46]} 10. a3 {[%emt 0:27:17]} Bxc3 {[%emt 0:00:07]} 11. bxc3 {[%emt 0:00:03]} Qc7 {[%emt 0:01:01] [#]} 12. Qe2 $146 {[%emt 0:00:58]} ({Predecessor:} 12. Ne5 Bxd3 13. Qxd3 Nc6 14. Nxc6 Qxc6 15. f3 Rac8 16. Bb2 Rfd8 17. Rac1 Qa4 18. Qd1 {0-1 (49) Krivousas,T-Linauskas,D (2321) Plateliai 1999}) 12... Rc8 {[%emt 0:00:30]} 13. Ne5 {[%emt 0:00:41]} Bxd3 {[%emt 0:00:09]} 14. Qxd3 {[%emt 0:00:03]} Nc6 {[%emt 0:10:50]} 15. Nxc6 $1 {[%emt 0:06:40]} Qxc6 {[%emt 0:00:07]} 16. Bd2 {[%emt 0:00:03]} cxd4 {[%emt 0:07:26]} 17. cxd4 {[%emt 0:00:05]} Qc2 {[%emt 0:00:29]} 18. Qxc2 {[%emt 0:00:04]} Rxc2 {[%emt 0:00:05]} 19. Rfd1 {[%emt 0:00:02]} Rac8 {[%emt 0:01:22]} 20. f3 {[%emt 0:02:49]} R8c4 {[%emt 0:03:32]} 21. Kf1 {[%emt 0:07:58]} Nd5 {[%emt 0:06:39]} 22. Ke1 $1 {[%emt 0:00:21]} f5 {[%emt 0:02:42]} 23. Rdc1 $11 {[%emt 0:08:17]} Kf7 {[%emt 0:14:09]} 24. Rxc2 {[%emt 0:03:32]} Rxc2 {[%emt 0:00:02]} 25. Ke2 {[%emt 0:00:15]} b5 {[%emt 0:05:12]} 26. Kd3 {[%emt 0:07:23]} Rc4 {[%emt 0:00:40]} 27. Bb4 {[%emt 0:09:43]} h5 {[%emt 0:03:31]} 28. g3 {[%emt 0:04:52]} a6 {[%emt 0:00:57]} 29. Rb1 {[%emt 0:01:39]} g5 {[%emt 0:04:02]} 30. e4 {[%emt 0:01:04]} Nf6 {[%emt 0:02:39]} 31. a4 {[%emt 0:05:19]} fxe4+ {[%emt 0:02:20]} 32. fxe4 {[%emt 0:00:05]} e5 {[%emt 0:01:49]} 33. dxe5 {[%emt 0:02:33]} Nxe4 {[%emt 0:00:21]} 34. axb5 {[%emt 0:00:46]} axb5 {[%emt 0:00:05]} 35. Bd6 {[%emt 0:02:12]} Nf2+ {[%emt 0:05:47]} 36. Kd2 {[%emt 0:00:10]} Ne4+ {[%emt 0:00:33]} 37. Kd3 {[%emt 0:00:09]} Nf2+ {[%emt 0:00:08]} 38. Kd2 {[%emt 0:00:11]} 1/2-1/2

[Event "German Bundesliga 2021-22"]
[Site "Germany"]
[Date "2022.04.09"]
[Round "3.16"]
[White "Moehn, Hans"]
[Black "Hausrath, Daniel"]
[Result "0-1"]
[WhiteElo "2360"]
[BlackElo "2475"]
[Annotator "RC"]
[PlyCount "74"]
[EventDate "2022.03.05"]
[EventType "team-tourn"]
[EventCountry "GER"]
[SourceTitle "playchess.com"]
[Source "ChessBase"]
[SourceQuality "1"]
[TimeControl "40/5400+30:1800+30"]

1. Nf3 {[%emt 0:00:00]} Nf6 {[%emt 0:00:00]} 2. g3 {[%emt 0:00:00]} g6 {[%emt 0:00:00]} 3. b3 {[%emt 0:00:00]} Bg7 {[%emt 0:00:00]} 4. Bb2 {[%emt 0:00:00]} c5 {[%emt 0:00:43]} 5. c4 {[%emt 0:00:00]} d6 {[%emt 0:00:49]} 6. Bg2 {[%emt 0:00:00]} e5 {[%emt 0:03:19]} 7. O-O {[%emt 0:00:00]} Nc6 {[%emt 0:00:06]} 8. Nc3 {[%emt 0:00:00]} Rb8 {[%emt 0:04:26]} 9. d3 {[%emt 0:00:00]} O-O {[%emt 0:04:38]} 10. e3 {[%emt 0:02:31]} Bf5 {[%emt 0:03:07]} 11. Ng5 {[%emt 0:03:28]} Ng4 {[%emt 0:14:59]} 12. Nge4 {[%emt 0:01:38]} a6 {[%emt 0:01:03]} 13. Nd5 {[%emt 0:07:14]} Be6 {[%emt 0:09:01]} 14. h3 {[%emt 0:09:01]} Nh6 {[%emt 0:00:43]} 15. Qd2 {[%emt 0:13:50]} f5 {[%emt 0:07:10]} 16. Nec3 {[%emt 0:03:51]} g5 {[%emt 0:00:14]} 17. f4 {[%emt 0:01:53]} Kh8 {[%emt 0:01:58]} 18. Ne2 {[%emt 0:11:58]} gxf4 {[%emt 0:08:55]} 19. gxf4 {[%emt 0:02:33]} Rg8 {[%emt 0:00:19]} 20. Kh1 {[%emt 0:02:24]} Qh4 {[%emt 0:19:44]} 21. Ng1 {[%emt 0:06:48]} e4 {[%emt 0:03:07]} 22. Qf2 {[%emt 0:06:38]} Qxf2 {[%emt 0:01:53]} 23. Rxf2 {[%emt 0:00:21]} Bxb2 {[%emt 0:00:23]} 24. Rxb2 {[%emt 0:00:06]} Bxd5 {[%emt 0:00:40]} 25. cxd5 {[%emt 0:00:05]} Nb4 {[%emt 0:00:20]} 26. dxe4 {[%emt 0:09:46]} fxe4 {[%emt 0:01:13]} 27. Rd2 {[%emt 0:00:18]} Nf5 {[%emt 0:07:14]} 28. Kh2 {[%emt 0:08:23]} Nxe3 {[%emt 0:01:41]} 29. Bxe4 {[%emt 0:00:54]} Rbe8 {[%emt 0:00:47]} 30. Bh1 {[%emt 0:01:06]} Nbc2 {[%emt 0:02:20]} 31. Rc1 {[%emt 0:00:48]} Nd4 {[%emt 0:00:09]} 32. Nf3 {[%emt 0:03:44]} Ne2 {[%emt 0:00:40]} 33. Rb1 {[%emt 0:03:47]} Nxf4 {[%emt 0:00:52]} 34. b4 {[%emt 0:00:41]} c4 {[%emt 0:00:40]} 35. Nd4 {[%emt 0:00:34]} c3 {[%emt 0:01:32]} 36. Rf2 {[%emt 0:00:27]} Nd3 {[%emt 0:00:34]} 37. Rf3 {[%emt 0:00:46]} c2 {[%emt 0:00:38]} 0-1

[Event "German Bundesliga 2021-22"]
[Site "Germany"]
[Date "2022.04.09"]
[Round "3.16"]
[White "Rafiee, Makan"]
[Black "Abergel, Thal"]
[Result "0-1"]
[WhiteElo "2338"]
[BlackElo "2384"]
[Annotator "NA RC"]
[PlyCount "84"]
[EventDate "2022.03.05"]
[EventType "team-tourn"]
[EventCountry "GER"]
[SourceTitle "playchess.com"]
[Source "ChessBase"]
[SourceQuality "1"]
[TimeControl "40/5400+30:1800+30"]

1. e4 {[%emt 0:00:00]} c5 {[%emt 0:00:00]} 2. Nf3 {[%emt 0:00:00]} d6 {[%emt 0:00:00]} 3. d4 {[%emt 0:00:00]} cxd4 {[%emt 0:00:00]} 4. Nxd4 {[%emt 0:00:00]} Nf6 {[%emt 0:00:00]} 5. Nc3 {[%emt 0:00:00]} Nc6 {[%emt 0:00:00]} 6. Bg5 {[%emt 0:00:00]} Bd7 {[%emt 0:00:00]} 7. Qd2 {[%emt 0:00:00]} Rc8 {[%emt 0:00:00]} 8. Nxc6 {[%emt 0:00:00]} Bxc6 {[%emt 0:00:00]} 9. f3 {[%emt 0:00:00]} a6 {[%emt 0:03:24]} 10. O-O-O {[%emt 0:00:00]} e6 {[%emt 0:02:10]} 11. Kb1 {[%emt 0:00:00]} Be7 {[%emt 0:01:20]} 12. h4 {[%emt 0:00:00]} h5 {[%emt 0:12:20]} 13. Bd3 {[%emt 0:49:35]} d5 {[%emt 0:12:41]} 14. e5 {[%emt 0:00:29]} Nd7 {[%emt 0:00:17]} 15. f4 {[%emt 0:05:12]} g6 {[%emt 0:10:17]} 16. Ne2 {[%emt 0:01:16]} Qb6 {[%emt 0:04:02]} 17. Bxe7 {[%emt 0:00:54]} Kxe7 {[%emt 0:00:07]} 18. c3 {[%emt 0:05:04]} Bb5 {[%emt 0:09:20]} 19. Bxb5 {[%emt 0:01:58]} axb5 {[%emt 0:01:35]} 20. Nd4 {[%emt 0:06:06]} Nc5 {[%emt 0:02:54]} 21. f5 {[%emt 0:09:14]} gxf5 {[%emt 0:01:09]} 22. Qg5+ {[%emt 0:00:16]} Kd7 {[%emt 0:06:58]} 23. Qf6 {[%emt 0:02:24]} Kc7 {[%emt 0:00:31]} 24. Qxf7+ {[%emt 0:02:36]} Kb8 {[%emt 0:00:07]} 25. Rh3 {[%emt 0:02:26]} Rc7 {[%emt 0:11:49]} 26. Qf6 {[%emt 0:01:18]} Rg8 {[%emt 0:01:00]} 27. Rf3 {[%emt 0:01:07]} b4 {[%emt 0:01:43]} 28. cxb4 {[%emt 0:06:14]} Qxb4 {[%emt 0:00:18]} 29. Nxe6 {[%emt 0:01:33]} Nxe6 {[%emt 0:11:04]} 30. Qxe6 {[%emt 0:00:14]} Rxg2 {[%emt 0:00:45]} 31. Rb3 {[%emt 0:00:47]} Qe4+ {[%emt 0:01:16]} 32. Ka1 {[%emt 0:00:06]} Qc2 {[%emt 0:02:23]} 33. Qe8+ {[%emt 0:02:32]} Rc8 {[%emt 0:00:03]} 34. Rxb7+ {[%emt 0:00:31]} Ka8 {[%emt 0:01:49]} 35. Ra7+ {[%emt 0:00:58]} Kxa7 {[%emt 0:00:27]} 36. Qe7+ {[%emt 0:00:06]} Qc7 {[%emt 0:01:09]} 37. Qa3+ {[%emt 0:00:06]} Kb8 {[%emt 0:00:51]} 38. Qb4+ {[%emt 0:00:20]} Qb7 {[%emt 0:01:00]} 39. Qd6+ {[%emt 0:00:20]} Ka8 {[%emt 0:00:31]} 40. Qa3+ {[%emt 0:00:45]} Qa7 {[%emt 0:02:53]} 41. Qd3 {[%emt 0:30:12]} Qa5 {[%emt 0:00:00]} 42. e6 {[%emt 0:00:00]} Rd2 {[%emt 0:00:00]} 0-1

[Event "German Bundesliga 2021-22"]
[Site "Germany"]
[Date "2022.04.09"]
[Round "3.16"]
[White "Wiedenbruch, Paul"]
[Black "Koellner, Ruben Gideon"]
[Result "0-1"]
[WhiteElo "1887"]
[BlackElo "2441"]
[Annotator "NA RC"]
[PlyCount "84"]
[EventDate "2022.03.05"]
[EventType "team-tourn"]
[EventCountry "GER"]
[SourceTitle "playchess.com"]
[Source "ChessBase"]
[SourceQuality "1"]
[TimeControl "40/5400+30:1800+30"]

1. e4 {[%emt 0:00:00]} d6 {[%emt 0:00:00]} 2. d4 {[%emt 0:00:00]} Nf6 {[%emt 0:00:00]} 3. Nc3 {[%emt 0:00:00]} Nbd7 {[%emt 0:00:00]} 4. Nf3 {[%emt 0:00:00]} e5 {[%emt 0:00:00]} 5. g4 {[%emt 0:00:00]} h6 {[%emt 0:00:00]} 6. Bc4 {[%emt 0:00:00]} Nb6 {[%emt 0:00:00]} 7. Bb3 {[%emt 0:03:05]} exd4 {[%emt 0:00:00]} 8. Qxd4 {[%emt 0:14:35]} Bxg4 {[%emt 0:00:00]} 9. Qd3 {[%emt 0:01:39]} Nfd7 {[%emt 0:04:59]} 10. Qe3 {[%emt 0:09:02]} Qf6 {[%emt 0:11:19]} 11. Nd4 {[%emt 0:07:37] [#]} a6 {[%emt 0:01:35]} ({Black should play} 11... O-O-O $1 $17 12. Qf4 Qxf4 13. Bxf4 g5) 12. Rg1 {[%emt 0:07:16]} Bh5 {[%emt 0:07:24]} 13. f4 {[%emt 0:05:29]} (13. a4 $1 $11 Ne5 14. a5) 13... g6 {[%emt 0:03:08]} 14. Bd2 {[%emt 0:09:53]} Bg7 {[%emt 0:03:05]} 15. Nde2 {[%emt 0:03:26]} Bxe2 {[%emt 0:05:36]} 16. Qxe2 {[%emt 0:01:09]} Qh4+ {[%emt 0:02:27]} 17. Rg3 {[%emt 0:02:18]} Nc5 $17 {[%emt 0:00:18]} 18. O-O-O {[%emt 0:04:20]} Qe7 {[%emt 0:03:46]} 19. Re1 {[%emt 0:08:54]} O-O-O {[%emt 0:01:51]} 20. e5 {[%emt 0:03:52]} Nxb3+ {[%emt 0:01:37]} 21. axb3 {[%emt 0:00:12]} dxe5 {[%emt 0:00:10]} 22. fxe5 {[%emt 0:00:20]} Qe6 {[%emt 0:01:55]} 23. Ne4 {[%emt 0:07:55]} Bxe5 {[%emt 0:13:22]} 24. Nc5 {[%emt 0:05:15]} Qd5 {[%emt 0:00:54]} 25. Qxe5 {[%emt 0:01:06]} Qxd2+ {[%emt 0:00:08]} 26. Kb1 {[%emt 0:00:04]} Nd7 {[%emt 0:06:47]} 27. Nxd7 {[%emt 0:01:01]} Qxd7 {[%emt 0:00:10]} 28. Rd3 {[%emt 0:00:22]} Rde8 {[%emt 0:01:15]} 29. Rxd7 {[%emt 0:01:21]} Rxe5 {[%emt 0:00:07]} 30. Rxc7+ {[%emt 0:00:06]} Kxc7 {[%emt 0:00:02]} 31. Rxe5 {[%emt 0:00:08]} Kd6 {[%emt 0:00:14]} 32. Re3 {[%emt 0:00:30]} f5 {[%emt 0:00:10]} 33. Kc1 {[%emt 0:00:11]} f4 {[%emt 0:00:26]} 34. Rf3 {[%emt 0:00:19]} Ke5 {[%emt 0:00:06]} 35. Kd2 {[%emt 0:00:10]} Ke4 {[%emt 0:00:17]} 36. Ke2 {[%emt 0:00:27]} Rc8 {[%emt 0:00:08]} 37. c3 {[%emt 0:00:39]} g5 {[%emt 0:00:13]} 38. Rd3 {[%emt 0:00:28]} Rc6 {[%emt 0:00:12]} 39. Rd4+ {[%emt 0:00:45]} Kf5 {[%emt 0:00:06]} 40. c4 {[%emt 0:01:52]} Rb6 {[%emt 0:00:28]} 41. Rd3 {[%emt 0:30:28]} g4 {[%emt 0:30:42]} 42. Rc3 {[%emt 0:00:27]} Re6+ {[%emt 0:00:12]} 0-1

[Event "German Bundesliga 2021-22"]
[Site "Germany"]
[Date "2022.04.10"]
[Round "4.1"]
[White "Maghsoodloo, Parham"]
[Black "Mamedyarov, Shakhriyar"]
[Result "1/2-1/2"]
[WhiteElo "2701"]
[BlackElo "2767"]
[Annotator "TA"]
[PlyCount "59"]
[EventDate "2022.03.05"]
[EventType "team-tourn"]
[EventCountry "GER"]
[SourceTitle "playchess.com"]
[Source "ChessBase"]
[SourceQuality "1"]
[TimeControl "40/5400+30:1800+30"]

{[%evp 9,59,26,27,-2,0,-6,0,0,0,0,0,0,0,5,12,10,11,6,12,8,19,12,13,13,13,13,17,14,14,13,14,13,13,13,14,13,14,13,13,14,14,13,16,14,28,28,28,28,38,14,16,15]} 1. e4 {[%emt 0:00:00]} e5 {[%emt 0:00:00]} 2. Nf3 {[%emt 0:00:00]} Nc6 {[%emt 0:00:00]} 3. Bb5 {[%emt 0:00:00]} Nf6 {[%emt 0:00:00]} 4. O-O {[%emt 0:00:00]} Nxe4 {[%emt 0:00:00]} 5. Re1 {[%emt 0:00:00]} Nd6 {[%emt 0:00:00]} 6. a4 {[%emt 0:00:00] C67: Ruy Lopez: Berlin Defence: 4 0-0 Nxe4.} Be7 {[%emt 0:00:00]} 7. Nc3 {[%emt 0:00:00] Against e4} a6 {[%emt 0:05:20]} 8. Bf1 {[%emt 0:00:00]} Nf5 {[%emt 0:05:51]} 9. Nxe5 {[%emt 0:15:23]} Nxe5 {[%emt 0:02:06]} 10. Rxe5 {[%emt 0:00:07]} d6 {[%emt 0:00:02]} 11. Re1 {[%emt 0:01:30]} d5 {[%emt 0:02:46]} 12. d4 {[%emt 0:03:52]} O-O {[%emt 0:00:42] [#]} 13. a5 $146 {[%emt 0:07:28]} ({Predecessor:} 13. Bf4 c6 14. Ne2 a5 15. Nc1 Bd6 16. Qd2 Qc7 17. Bxd6 Nxd6 18. Qf4 Bf5 19. Nd3 {½-½ (31) Pichot,A (2600)-Vidit,S (2718) Khanty-Mansiysk 2019}) 13... c6 {[%emt 0:09:30]} 14. Ne2 {[%emt 0:05:23]} Re8 {[%emt 0:07:15]} 15. c3 {[%emt 0:06:48]} Bf8 {[%emt 0:04:51]} 16. Nf4 {[%emt 0:04:33]} Rxe1 {[%emt 0:04:17]} 17. Qxe1 {[%emt 0:00:23]} Nd6 {[%emt 0:00:26]} 18. Nd3 {[%emt 0:04:47]} Nc4 {[%emt 0:01:55]} 19. b4 {[%emt 0:01:17]} Bf5 {[%emt 0:06:20]} 20. Nc5 {[%emt 0:03:16]} Bxc5 {[%emt 0:02:34]} 21. dxc5 {[%emt 0:00:09]} Qd7 {[%emt 0:00:05]} 22. Ra2 {[%emt 0:01:17]} f6 {[%emt 0:04:18]} 23. Re2 {[%emt 0:02:02] aiming for Re7.} Kf7 {[%emt 0:00:50] Inhibits Re7+.} 24. Qd1 {[%emt 0:02:34] Prevents Bd3.} Re8 {[%emt 0:03:02]} 25. h3 {[%emt 0:01:00]} Rxe2 {[%emt 0:00:48]} 26. Qxe2 {[%emt 0:00:08]} Qe7 {[%emt 0:00:57]} 27. Qxe7+ {[%emt 0:00:24]} Kxe7 {[%emt 0:00:04]} 28. g4 {[%emt 0:00:20]} Bc2 {[%emt 0:01:04]} 29. Bxc4 {[%emt 0:00:23]} dxc4 {[%emt 0:00:03]} 30. f3 {[%emt 0:00:26] Weighted Error Value: White=0.03 (flawless) /Black=0.02 (flawless)} 1/2-1/2